Vista normal
Vista MARC
Entrada Nombre geográfico
Número de registros utilizados en: 3
001 - NÚMERO DE CONTROL
- campo de control: 36127
003 - IDENTIFICADOR DEL NÚMERO DE CONTROL
- campo de control: OSt
005 - FECHA Y HORA DE LA ÚLTIMA TRANSACCIÓN
- campo de control: 20200615033523.0
008 - DATOS DE LONGITUD FIJA
- campo de control de longitud fija: 200615|| aca||aabn | a|a d
040 ## - FUENTE DE LA CATALOGACIÓN
- Centro catalogador/agencia de origen: OSt
- Centro/agencia transcriptor: OSt
151 ## - ENCABEZAMIENTO--NOMBRE GEOGRÁFICO
- Nombre geográfico: REPÚBLICA DOMINICANA
- Subdivisión general: ADMINISTRACIÓN PÚBLICA
- Subdivisión de forma: DIRECTORIOS
670 ## - FUENTE DE DATOS ENCONTRADOS
- Cita de la fuente: Work cat.: (OSt)15672: República Dominicana. Oficina Nacional de Administración y Personal. 10859, Directorio del gobierno dominicano /, 1980.
